000 00701nam a2200193Ii 4500
003 JO-AjNU
008 230605s9999||||xx |||||||||||||| ||und||
040 _aJO-AjNU
_bara
_erda
_cJO-AjNU
041 _aara
050 1 4 _aJX5141.M87 2005
100 3 _aاللجنة الدولية للصليب الاحمر,
_eauthor
_947330
245 0 0 _aاتفاقيات جنيف المؤرخة في 12 آب/ أغسطس 1949
264 3 1 _aحنيف: اللجنة الدولية للصليب الاحمر، 2005
300 _a286ص
336 _atext
_btxt
_2rdacontent
337 _aunmediated
_bn
_2rdamedia
338 _avolume
_bnc
_2rdacarrier
650 4 _aاتفاقيات جنيف لأسرى الحرب
_947331
999 _aA20653
_c24221
_d24221